Desculpa, mas esse livro é meu (Registo nº 2049)
[ vista simples ]
| 000 -Etiqueta do registo | |
|---|---|
| Cabeçalho | 01149nam a22003491 4500 |
| 005 - Identificador da versão | |
| Campo de controlo | 20240813121923.0 |
| 095 ## - | |
| -- | PTBN00056720 |
| 010 ## - Número internacional normalizado dos livros (ISBN) | |
| Número (ISBN) | 9895551746 |
| 100 ## - Dados gerais de processamento | |
| Dados gerais de processamento | 20070905d2006 cd y0pory5003 ba |
| 102 ## - Pais de publicação ou produção | |
| País de publicação | Portugal |
| 101 1# - Língua de publicação | |
| Língua do texto, banda sonora, etc. | Português |
| Língua do documento no original | Inglês |
| 106 ## - Campo de dados codificados: material textual | |
| Dados codificados do material textual | r |
| 105 ## - Campo de dados codificados: livros | |
| Dados codificados dos livros | a z 000fy |
| 215 ## - Descrição física | |
| Indicação específica da natureza do documento e extensão da espécie | 32 p. |
| Outras indicações físicas | todo il. |
| Dimensões | 24 cm |
| 200 1# - Titulo e menção de responsabilidade | |
| Título próprio | Desculpa, mas esse livro é meu |
| Primeira menção de responsabilidade | Lauren Child |
| Outras menções de responsabilidade | il. Tiger Aspect Productions, Milk Monitor |
| -- | bas. no guião escrito por Bridget Hurst, Carol Noble |
| -- | trad. Dora Isabel Batalim |
| 225 2# - Colecção | |
| Título próprio da colecção | Charlie e Lola |
| 205 ## - Menção da edição | |
| Menção da edição | 1ª ed |
| 210 ## - Publicação, Distribuição, etc. | |
| Lugar da edição, distribuição, etc. | Dafundo |
| Nome do editor, distribuidor, etc. | Oficina do Livro |
| Data da publicação, distribuição, etc. | 2006 |
| 304 ## - Notas relativas a título e menção de responsabilidade | |
| Texto da nota | Tít. orig.: But excuse me that is my book |
| 606 ## - Nome comum usado como assunto | |
| Número de registo de entrada de autoridade | 0000001 |
| Palavra de ordem | Literatura estrangeira infantil |
| Subdivisão de assunto | Conto |
| 675 ## - Classificação Decimal Universal (CDU) | |
| Notação | 82-34 |
| Edição | 2ª |
| Língua da edição | por |
| 702 #1 - Nome de autor-pessoa física (responsabilidade secundária) | |
| Número de registo de entrada de autoridade | 0000782 |
| Palavra de ordem | Hurst |
| Outra parte do nome não tomada para palavra de ordem | Bridget |
| Código de função | Antecedente bibliográfico |
| Número de registo de entrada de autoridade | 0000783 |
| Palavra de ordem | Noble |
| Outra parte do nome não tomada para palavra de ordem | Carol |
| Código de função | Antecedente bibliográfico |
| Número de registo de entrada de autoridade | 0000531 |
| Palavra de ordem | Batalim |
| Outra parte do nome não tomada para palavra de ordem | Dora Isabel |
| Código de função | Tradutor |
| 712 02 - Nome de colectividade-autor (responsabilidade secundária) | |
| Número de registo de entrada de autoridade | 0000784 |
| Palavra de ordem | Tiger Aspect Productions |
| Código de função | Ilustrador / Técnico de desenho computorizado |
| Número de registo de entrada de autoridade | 0000785 |
| Palavra de ordem | Milk Monitor |
| Código de função | Ilustrador / Técnico de desenho computorizado |
| 700 #1 - Nome de autor-pessoa física (responsabilidade principal) | |
| Número de registo de entrada de autoridade | 0000692 |
| Palavra de ordem | Child |
| Outra parte do nome não tomada para palavra de ordem | Lauren |
| 942 ## - Elementos de entrada adicionados (Koha) | |
| Tipo de item no Koha | Livro |
| Situação do levantamento | Origin of item (home branch) (coded) | Biblioteca de empréstimo | Código de barras | Cota | Circulation type (not for loan) | Tipo de documento | Nota do exemplar | Damaged status |
|---|---|---|---|---|---|---|---|---|
| Biblioteca Escolar da Coca Maravilhas | Biblioteca Escolar da Coca Maravilhas | BECM8224/07 | 8EST CHI | Livro | Sem mensagem |
